000 01095nam a2200301 i 4500
003 EG-GICUC
005 20260409220757.0
008 260409s2001 ua ||||fr|||| 00| 0 ara d
040 _a EG-GICUC
_bara
_c EG-GICUC
_d EG-GICUC
_erda
041 _aara
082 0 4 _221
_a343.6
_bع ب . ع
092 0 4 _221
099 _aLaw1 10 343.6 ع ب . ع 2001
100 0 _aعبدالرحمن محمد أبو توتة
_eمؤلف.
245 1 0 _aعلم الإجرام /
_cتأليف الدكتور عبدالرحمن محمد أبو توتة.
264 1 _aإسكندرية :
_bالمكتب الجامعى الحديث،
_c2001.
300 _a290 صفحة ;
_c24 سم.
336 _2rda content
_atext
337 _2rda media
_aComputer
338 _2rda carrier
_aOnline Resource
504 _aيشتمل على إرجاعات ببليوجرافية.
546 _aالنص باللغة العربية
650 1 _aالقانون الجنائي
650 1 _aعلم الإجرام
856 4 0 _uhttps://fll.law.cu.edu.eg/fulltext/bks/B10-09113.pdf
905 _a43
942 _2ddc
_n0
_cBK
_e21
999 _c69917
_d69917